000 00304nam a22001337a 4500
008 170731b xxu||||| |||| 00| 0 eng d
020 _a9780471536314
041 _aeng
080 _a004
100 _a004
101 _aSHKI
245 _aEXPLORING THE LIMITS OF BOOTSTRAP
_cLEPAGE, R
942 _2udc
_cBK
999 _c22285
_d22285